Statistiken für Alle PDC Darts Turniersieger 2006

Klicken Sie hier um das Quiz zu spielen!

Allgemein

  • Dieses Quiz wurde 46 mal gespielt
  • Das Durchschnittsergebnis liegt bei 22 aus 41

Antwortstatistiken

TurnierLandDartsspieler% Korrekt
World Darts ChampionshipEnglandPhil Taylor
100%
Munich OpenEnglandPhil Taylor
100%
World Grand PrixEnglandPhil Taylor
100%
PDPA Players Championship IrelandEnglandPhil Taylor
100%
UK Open Welsh Regional FinalEnglandPhil Taylor
100%
PDPA Players Championship WalesEnglandPhil Taylor
100%
World MatchplayEnglandPhil Taylor
100%
Bobby Bourn Memorial TrophyEnglandPhil Taylor
100%
Premier League DartsEnglandPhil Taylor
100%
World Series of DartsEnglandPhil Taylor
100%
UK Open Scottish Regional FinalNiederlandeRaymond van Barneveld
90%
UK Open Irish Regional FinalNiederlandeRaymond van Barneveld
90%
PDPA Players Championship Hayling Island 2NiederlandeRaymond van Barneveld
90%
UK OpenNiederlandeRaymond van Barneveld
90%
Vauxhall Autumn OpenEnglandJames Wade
86%
PDPA Players Championship ScotlandEnglandAdrian Lewis
67%
Las Vegas Desert ClassicKanadaJohn Part
67%
Irish MastersEnglandColin Lloyd
43%
PDPA Players Championship Netherlands 1EnglandColin Lloyd
43%
PDPA Players Championship Hayling Island 1EnglandColin Lloyd
43%
Vauxhall Spring OpenEnglandWayne Mardle
43%
Open Hotel ZwartewaterEnglandTerry Jenkins
38%
Antwerp OpenEnglandTerry Jenkins
38%
Eastbourne ProEnglandRonnie Baxter
33%
PDPA Players Championship GibraltarEnglandDennis Priestley
29%
Vauxhall Spring ProEnglandDennis Priestley
29%
Open HollandNiederlandeMichael van Gerwen
29%
UK Open Midlands Regional FinalNiederlandeRaymond van Barneveld
29%
PDPA Players Championship Netherlands 2WalesBarrie Bates
24%
Le Skratch Montreal OpenWalesBarrie Bates
24%
PDC Easbourne OpenWalesBarrie Bates
24%
UK Open Southern Regional FinalEnglandChris Mason
19%
West Tyrone OpenEnglandChris Mason
19%
UK Open North East Regional FinalEnglandKevin Painter
19%
UK Open South West Regional FinalEnglandMark Dudbridge
14%
Ireland Open Autumn ClassicIrlandMick McGowan
14%
Vauxhall Autumn ProIrlandMick McGowan
14%
UK Open North West Regional FinalEnglandAlan Tabern
10%
Sheppey Darts ClassicEnglandColin Osborne
5%
Sunparks MastersNiederlandeJan van der Rassel
5%
Windy City OpenUSARay Carver
5%

Verteilung der Resultate

Perzentil nach korrekt beantworteten Fragen

Anzahl Personen mit jedem Resultat

Ihre Resultats-Entwicklung

Sie haben dieses Quiz noch nicht gespielt